|
|
|
|
| LEADER |
00000cam a2200000 7i4500 |
| 001 |
0000013035 |
| 005 |
20241021.0 |
| 008 |
030925 my eng |
| 020 |
|
|
|a 9839236512
|
| 040 |
|
|
|a INS
|b eng
|e rda
|
| 090 |
0 |
0 |
|a PN44.5
|b Q29 2000
|
| 100 |
0 |
|
|a Muhammad A. Quayum ,
|e author
|
| 245 |
1 |
0 |
|a Dictionary of literary terms
|c Muhammad A. Quayum, Rosli Tali
|
| 250 |
|
|
|a Revised edition
|
| 264 |
|
1 |
|a Petaling Jaya, Selangor :
|b Pearson Education Malaysia Sdn. Bhd.
|c 2000
|
| 300 |
|
|
|a iii, 343 pages ;
|c 22 cm.
|
| 336 |
|
|
|a text
|2 rdacontent
|
| 337 |
|
|
|a unmediated
|2 rdamedia
|
| 338 |
|
|
|a volume
|2 rdacarrier
|
| 650 |
|
0 |
|a Criticism
|x Terminology
|
| 650 |
|
0 |
|a Literary form
|x Terminology
|
| 650 |
|
0 |
|a Literature
|x Terminology
|
| 700 |
0 |
|
|a Rosli Talif ,
|e author
|
| 999 |
|
|
|a 0000013844
|b BOOK
|c Red Spot
|e Default branch
|